Itinéraire descriptif et historique de l'Allemagne (Record no. 156380)

MARC details
000 -LEADER
campo de control de longitud fija 00821nam a22001815i 4500
001 - NÚMERO DE CONTROL
campo de control 156380
003 - IDENTIFICADOR DE NÚMERO DE CONTROL
campo de control ES-MaACL
005 - FECHA Y HORA DE LA ÚLTIMA TRANSACCIÓN
campo de control 20260201063016.0
008 - DATOS DE LONGITUD FIJA--INFORMACIÓN GENERAL
campo de control de longitud fija 040728s1855 fr abe |||| | fre d
040 ## - FUENTE DE CATALOGACIÓN
Centro catalogador/agencia de origen CAM
Lengua de catalogación spa
Centro/agencia transcriptor CAM
100 1# - ENTRADA PRINCIPAL--NOMBRE DE PERSONA
Nombre de persona Joanne, Adolphe,
Fechas asociadas al nombre 1823-1881
9 (RLIN) 66678
245 10 - MENCIÓN DEL TÍTULO
Título Itinéraire descriptif et historique de l'Allemagne
Resto del título : l 'Allemagne du Sud avec une carte routière, dix cartes spéciales et sept plans de villes et de musées /
Mención de responsabilidad, etc. par Adolphe Joanne.
260 ## - PUBLICACIÓN, DISTRIBUCIÓN, ETC.
Lugar de publicación, distribución, etc. Paris :
Nombre del editor, distribuidor, etc. L. Maison, libraire-éditeur,
Fecha de publicación, distribución, etc. 1855 (
Fabricante Imprimé chez Bonaventure et Duccessois)
300 ## - DESCRIPCIÓN FÍSICA
Extensión LIV, 756, 12 p., [1] h. de map. pleg., [1] h. maps., [7] h. plans. ;
Dimensiones 18 cm.
651 #4 - PUNTO DE ACCESO ADICIONAL DE MATERIA--NOMBRE GEOGRÁFICO
Nombre geográfico Alemania-
Subdivisión de forma Guías.
9 (RLIN) 137019
852 ## - LOCALIZACIÓN
Ubicación ES-MaACL
Número de control de estantería C-261
Nota libre -- Enc. ed. en tela con hierros dorados
Holdings
Estatus retirado Estado de pérdida Estado de daño No para préstamo Colección Biblioteca de origen Biblioteca actual Ubicación en estantería Fecha de adquisición Fuente de adquisición Total de préstamos Signatura topográfica completa Código de barras Visto por última vez Precio de reemplazo Tipo de ítem Koha
        Libros del s. XIX Biblioteca del Ateneo de Madrid Biblioteca del Ateneo de Madrid Sala Palomar 17/01/2008     C-261 1163608 23/02/2023 23/02/2023 Libro impreso antiguo